000 00301nam a2200121Ia 4500
005 20251222154352.0
008 251222s9999||||xx |||||||||||||| ||spa||
020 _a84-7166-487-9
082 _a930/L15
100 _a"Lafforgue, Gilbert"
245 0 _aHistoria del mundo: Oriente y Grecia
942 _cLIB
999 _c34933
_d34933